| 000 | 00822nam a2200289Ia 4500 | ||
|---|---|---|---|
| 008 | 170203s9999 xx 000 0 und d | ||
| 020 | _a9780746067802 | ||
| 050 | _aFic | ||
| 050 | _bD252l | ||
| 100 | _aDavidson, Susanna. | ||
| 245 | 2 | _aA little princess / | |
| 245 | _cbased on the story by Frances Hodgson Burnett ; adapted by Susanna Davidson ; illustrated by Kate Aldous ; reading consultant, Alison Kelly. | ||
| 260 | _aLondon : | ||
| 260 | _bUsborne : | ||
| 260 | _c2005 | ||
| 300 | _a62 pages : | ||
| 300 | _billustrations ; | ||
| 300 | _c20 cm. | ||
| 500 | _aUsborne young reading. | ||
| 650 | _aBoarding schools -- England -- | ||
| 650 | _aBoarding schools. | ||
| 650 | _aPoor girls -- | ||
| 650 | _xEngland. | ||
| 650 | _xFiction. | ||
| 650 | _xFiction. | ||
| 650 | _xPoor girls. | ||
| 999 |
_c306338 _d306338 |
||